| 000 | 01383nam a22002897a 4500 | ||
|---|---|---|---|
| 005 | 20240530110628.0 | ||
| 008 | 170110s2014 ua g 000 0 ara d | ||
| 017 |
_a2014/7034 _bمصر. دار الكتب |
||
| 020 | _a9789773223274 | ||
| 040 |
_aEG-CaGPL _cEG-CaGPL |
||
| 082 | 0 | 4 |
_221 _a576.88\ _bد أ |
| 100 | 1 | _aداروين ، تشارليز . | |
| 245 | 1 | 0 |
_aاصل الانواع / _cتاليف تشارلز داروين ؛ ترجمة اسماعيل مظهر ؛ مراجعة عبدالحليم منتصر ؛ تحرير و تقديم احمد الهوارى . |
| 250 | _aط.1 | ||
| 260 |
_aالقاهرة : _bعين للدراسات و البحوث الانسانية و الاجتماعية ، _c2014 . |
||
| 300 |
_a2 جزء ؛ _c24 سم . |
||
| 490 | 0 | _aمن ذاكرة النهضة ، الاعمال الكاملة لاسماعيل مظهر ، كتابات فى تاريخ علم و فلسفة . | |
| 490 | 0 | _aكتابات فى تاريخ العلم و الفلسفة . | |
| 650 | 0 | 7 |
_2qrmak _aالفلسفة |
| 650 | 0 | 7 |
_2qrmak _aالنشوء و الارتقاء . |
| 650 | 0 | 7 |
_2qrmak _aنظرية داروين . |
| 700 | 0 |
_aاسماعيل مظهر _eمترجم . |
|
| 700 | 0 |
_aاحمد الهوارى _eمحرر و مقدم . |
|
| 700 | 0 |
_aعبدالحليم منتصر _eمراجع . |
|
| 942 |
_2ddc _cBK |
||
| 999 |
_c63198 _d63198 |
||